Hodnotenie percentuálneho zastúpenia a trendov

Pri komplexnom hodnotení výkonnosti podniku je potrebné venovať pozornosť okrem tradičných finančných ukazovateľov (likvidita, rentabilita, zadlženosť, aktivita, zlaté bilančné pravidlo, predikcia finančného zdravia) aj analýze výkazov účtovnej závierky. Práve pri tejto analýze dokáže finančný analy...

Ausführliche Beschreibung

Gespeichert in:
Bibliographische Detailangaben
1. Verfasser: Lukáč, Jozef, 1991-
Format: Buchkapitel
Sprache:Slowakisch
Schlagworte:
Tags: Tag hinzufügen
Keine Tags, Fügen Sie das erste Tag hinzu!

MARC

LEADER 00000naa$a2200000$$$4500
001 0290141
005 20240502074443.8
041 0 |a slo 
044 |a SK 
245 1 0 |a Hodnotenie percentuálneho zastúpenia a trendov  |c Jozef Lukáč 
520 |a Pri komplexnom hodnotení výkonnosti podniku je potrebné venovať pozornosť okrem tradičných finančných ukazovateľov (likvidita, rentabilita, zadlženosť, aktivita, zlaté bilančné pravidlo, predikcia finančného zdravia) aj analýze výkazov účtovnej závierky. Práve pri tejto analýze dokáže finančný analytik zhodnotiť vývoj vybraných stavových alebo tokových veličín v súvahe a výkaze ziskov a strát. Na základe vykonaných analýz následne vie interpretovať napr. zlé hodnoty likvidity podniku, na ktorých sa podieľajú finančné účty, pohľadávky, zásoby a krátkodobé záväzky – a to prostredníctvom sledovania vývoja (tempa rastu) alebo podielu (percentuálneho zastúpenia) vybraných účtovných položiek, ktoré vstupujú do vybraného ukazovateľa finančnej výkonnosti podniku. V príspevku sa autori venujú horizontálnej a vertikálnej analýze podnikov z odvetvia pekárskej a cukrárenskej výroby. 
610 2 0 |a analýza finančná 
610 2 0 |a ukazovatele finančné 
610 2 0 |a výkonnosť 
610 2 0 |a výkaz ziskov a strát 
610 2 0 |a závierka účtovná 
610 2 0 |a súvaha 
610 2 0 |a podnik 
610 2 0 |a priemysel potravinársky 
100 1 |a Lukáč, Jozef, 1991-